000 00384nam a2200145Ia 4500
008 230711s9999||||xx |||||||||||||| ||und||
041 _aENG
082 _a621
_bHA-E
100 _aHans Laxah Raj
245 0 _aElectromagnetic fields and energy
250 _a1st Ed.
260 _c1989
_aNew York
_bPrentice-Hall of India Private Limited
650 _aElectrical Engineering
942 _cBK
999 _c585
_d585